Biblioteca

Mi Jardín : Pimpones de Color / Gustavo de Elorza Martinez, editor (Registro nro. 48094)

Detalles MARC
000 -LÍDER
Campo fijo de descripción fija 006310000a22001930004500
001 - NÚMERO DE CONTROL
Campo de control 905
003 - IDENTIFICADOR DEL NÚMERO DE CONTROL
Campo de control CO-MdFUSB
005 - FECHA Y HORA DE LA ULTIMA TRANSACCIÓN
control field 20180228184508.0
008 - ELEMENTOS DE LONGITUD FIJA -- INFORMACIÓN GENERAL
Campo fijo de descripción fija -- Información general 180207b xxu||||| |||| 00| 0 eng d
020 ## - NÚMERO INTERNACIONAL NORMALIZADO PARA LIBROS
Número Internacional Normalizado del libro 958-677-163-6
040 ## - FUENTE DE CATALOGACIÓN
Agencia que realiza la transcripción CO-MdBIC
082 04 - NÚMERO DE CLASIFICACIÓN DECIMAL DEWEY
Número de clasificación 702 Z148p
100 1# - ASIENTO PRINCIPAL--NOMBRE PERSONAL
Nombre personal Elorza M, Gustavo de
245 10 - TÍTULO
Título del Material Mi Jardín : Pimpones de Color / Gustavo de Elorza Martinez, editor
260 ## - PUBLICACIÓN, DISTRIBUCIÓN, ETC. (PIE DE IMPRENTA)
Lugar de publicación, distribución, etc. Bogotá : Zamora
300 ## - DESCRIPCIÓN FÍSICA
Extensión 77 P.
505 00 - NOTA DE CONTENIDO
Nota de contenido con formato preestablecido Tomo 1 : Técnicas de expresíon artística Tomo 2 : Cocina de niños para niños Tomo 3 : Disfraces, máscaras y maquillaje Tomo 4 : Regalos y fechas especiales
942 ## - TIPO DE MATERIAL (KOHA)
Tipo de Item KOHA Z- Libro General BINCO
Existencias
Estado de Material Estado de Perdido Forma de Clasificación Volumen-Parte/Tomo Estado de Dañado No para Préstamo Tomo Biblioteca de Origen Biblioteca Permanente Fecha de Adquisición Total de Préstamos Signatura Topográfica Código de Barras Última vez visto Ejemplar/Existencia Fecha de Remplazo Tipo de Material
    Dewey Decimal Classification       1 Biblioteca Infantil Comunitaria BINCO Biblioteca Infantil Comunitaria BINCO 25/04/2006   702 Z148p1 B31108 24/11/2016 1 26/01/2016 Z- Libro General BINCO
    Dewey Decimal Classification       4 Biblioteca Infantil Comunitaria BINCO Biblioteca Infantil Comunitaria BINCO 24/05/2006   702 Z148p4 B31138 24/11/2016 1 26/01/2016 Z- Libro General BINCO
    Dewey Decimal Classification       3 Biblioteca Infantil Comunitaria BINCO Biblioteca Infantil Comunitaria BINCO 24/05/2006   702 Z148p3 B31137 24/11/2016 1 26/01/2016 Z- Libro General BINCO
    Dewey Decimal Classification       2 Biblioteca Infantil Comunitaria BINCO Biblioteca Infantil Comunitaria BINCO 24/05/2006   702 Z148p2 B31109 24/11/2016 1 26/01/2016 Z- Libro General BINCO

Biblioteca FUSBC | Teléfono: (57+4) 349 88 10 Ext. 141| WhatsApp (+57) 3005338115 
E-mail: biblioteca@unisbc.edu.co | Calle 76 87-14 Robledo Palenque, Medellín, Colombia

Con tecnología Koha